[Event "Vienna"]
[Site "Vienna"]
[Date "1991.??.??"]
[Round "3"]
[White "Nunn, John DM"]
[Black "Fauland, Alexander"]
[Result "1-0"]
[WhiteElo "2610"]
[BlackElo "2475"]
[Annotator "Stohl,I"]
[PlyCount "71"]
[EventDate "1991.10.??"]
[EventType "tourn"]
[EventRounds "9"]
[EventCountry "AUT"]
[EventCategory "12"]
[SourceTitle "CBM 026"]
[Source "ChessBase"]
[SourceDate "1992.02.01"]
[SourceVersion "1"]
[SourceVersionDate "1992.02.01"]
[SourceQuality "1"]

1. e4 g6 2. d4 Bg7 3. Nc3 c6 4. Bc4 d6 (4... b5 5. Bb3 b4 6. Nce2 (6. Na4 $5
$13) 6... d5 7. exd5 cxd5 8. Bd2 a5 9. a3 bxa3 10. Rxa3 e6 11. Ba4+ Bd7 12.
Bxd7+ Qxd7 13. Rxa5 Rxa5 14. Bxa5 Nc6 15. Bc3 Nf6 16. f3 $16 {Sorokin,
M-Maciejewski,A,Belgorod 1991-EXP 23}) (4... d5 5. exd5 cxd5 (5... b5 6. Bb3 b4
7. Nce2 {-4...b5}) 6. Bxd5 e6 7. Bb3 Bxd4 8. Qe2 Nc6 9. Nf3 Bd7 10. Bd2 Nf6 11.
O-O-O O-O 12. Kb1 Qb6 13. h4 $16 {->,Tolnai,T-Raicevic,M,Kecskemet 1989-TD
89_11}) 5. Qf3 e6 (5... Nf6 $2 6. e5 Bg4 7. Qf4 $18) 6. Nge2 (6. Bf4 Nd7 $5 7.
Bb3 (7. Nge2 $142 {-6.Nge2}) (7. Bxd6 $4 Nb6 $19) 7... Bxd4 8. Bxd6 Ne5 9. Bxe5
Bxe5 10. Rd1 Qc7 11. a4 Nf6 12. Nge2 O-O 13. h3 b6 $10 {Van der Werf,
M-Moskalenko,V,Groningen op 1990-CBM 22}) 6... Nd7 7. O-O (7. Bf4 $5 Qe7 8. Bb3
e5 9. dxe5 dxe5 10. Be3 Ngf6 11. g4 h6 12. g5 hxg5 13. Bxg5 Nc5 14. h4 Bg4 15.
Qe3 Be6 16. O-O-O Bxb3 17. axb3 Ne6 18. Kb1 $36 {Adams,M-Walker,D,Eastbourne
ch-GB 1990}) 7... Ngf6 (7... Ne7 8. Bf4 d5 9. Bb3 O-O 10. Rad1 Re8 11. Qe3 b5
12. Ng3 a5 13. a3 Nb6 14. Bh6 Ba6 15. Bxg7 Kxg7 16. Rfe1 Nec8 17. e5 $40 {
()>>,Howell,J-Summerscale,A,London LB 1990}) 8. Bb3 O-O 9. Bg5 Qe7 10. Rad1 h6
11. Bh4 e5 12. Qe3 Re8 13. f4 exd4 (13... exf4 14. Nxf4 g5 15. Ng6 Qd8 16. Bg3
d5 17. Ne5 $16) 14. Qxd4 (14. Nxd4 $6 Nc5 $36 {/\} 15. e5 Nxb3 16. axb3 dxe5
17. fxe5 Ng4 $17) 14... Nxe4 15. Bxe7 Bxd4+ 16. Rxd4 Nxc3 17. Nxc3 Rxe7 18.
Rxd6 $16 {/\Rg6} Nf8 {N;/\Be6} (18... Kg7 19. f5 gxf5 20. Rxf5 Nf8 21. Rf3 Be6
22. Rg3+ Kh8 23. Ne4 Bxb3 24. Rxh6+ Nh7 25. Rxb3 Rxe4 26. Rbh3 $18 {Nunn,
J-Ehlvest,J,Skelleftea WCup 1989-CBM 14}) 19. Rd8 $8 b6 $8 20. a4 $1 Bb7 21.
Rd6 {/\f5,a5} Ba6 (21... Rd7 $142 22. Ne4 $1 Re7 $5 23. Nf6+ Kg7 24. f5 $16)
22. Rfd1 (22. Ra1 Rae8 23. Rxc6 Rd8 $132) 22... Rc8 23. a5 $1 bxa5 (23... b5
24. Nd5 cxd5 25. Rxa6 $18) (23... Bb7 24. axb6 axb6 25. Na4 $18) 24. Ra1 Rcc7
25. Rxa5 Re1+ 26. Kf2 Rf1+ 27. Kg3 Re7 $5 (27... Bc8 28. Rc5 {/\Rcc6,Nd5}) 28.
h3 (28. Rxa6 $2 Re3+ 29. Kg4 h5+ 30. Kg5 Kg7 31. Ra4 Rf2 $1 $19) 28... Bc8 29.
Rxc6 Be6 (29... Bb7 30. Nd5 Re2 31. Rc7 Rff2 32. Rxb7 Rxg2+ 33. Kh4 $18) 30.
Nd5 Bxd5 (30... Rb7 $142 {/\} 31. Rca6 Rb1 $16) 31. Bxd5 $18 Re3+ 32. Kh2 Rxf4
33. Rxa7 Re2 34. Rcc7 Ne6 35. Re7 Rff2 36. Re8+ (36. Re8+ Nf8 (36... Kg7 37.
Rxe6 $18) 37. Rxe2 Rxe2 38. Rxf7 $18 {[Stohl,I]}) 1-0

[Event "Dortmund op-A"]
[Site "Dortmund"]
[Date "1992.??.??"]
[Round "2"]
[White "Movsziszian, Karen"]
[Black "Azmaiparashvili, Zurab"]
[Result "0-1"]
[WhiteElo "2440"]
[BlackElo "2610"]
[Annotator "Stohl,I"]
[PlyCount "64"]
[EventDate "1992.04.??"]
[EventType "swiss"]
[EventRounds "11"]
[EventCountry "GER"]
[SourceTitle "CBM 029"]
[Source "ChessBase"]
[SourceDate "1992.08.01"]
[SourceVersion "1"]
[SourceVersionDate "1992.08.01"]
[SourceQuality "1"]

1. d4 d6 2. e4 g6 3. Nc3 Bg7 4. Be3 a6 5. Nf3 (5. g3 $5 b5 6. Bg2 Bb7 7. Nge2
b4 $6 8. Nd5 a5 9. O-O Nd7 10. a3 c6 11. Ndf4 bxa3 12. Rxa3 Ngf6 13. Nd3 Nb6
14. b3 a4 15. c4 axb3 16. Rxb3 Ba6 17. e5 $16 {Mueller,K-Van Wely,L,Munich op
1991}) (5. h4 h5 (5... b5 6. f3 Bb7 7. h5 Nd7 8. Qd2 c6 9. O-O-O Qc7 10. g4 e6
11. hxg6 hxg6 12. Rxh8 Bxh8 13. Qh2 Bg7 14. Nh3 O-O-O 15. Ng5 Nf8 16. f4 f6 17.
Nf3 c5 18. dxc5 $14 {(),Wolff,P-Nijboer,F,Wijk II 1992-CBM 28}) 6. Qd2 b5 7. f3
(7. Nh3 Bb7 8. Ng5 Nd7 9. f3 e6 $6 (9... Ngf6 $13 {-7.f3}) 10. g3 Ne7 11. Bh3
Nb6 12. b3 Nc6 13. Ne2 Qe7 14. O-O Nd8 15. Nf4 Nd7 16. a4 $16 {Mokry,K-Sznapik,
A,Trnava A 1984}) 7... Nd7 (7... Nf6 8. O-O-O Nbd7 9. Nh3 Nb6 10. Bd3 b4 11.
Ne2 a5 12. Nf2 (12. Ng5 $142 $14) 12... c6 13. Kb1 Qc7 14. e5 Nfd5 15. exd6
exd6 16. Bg5 Be6 17. Ne4 Kd7 $5 $13 {Adams,M-Speelman,J,Hastings 1989-TD89_14})
8. Nh3 Bb7 9. a4 c6 10. Ng5 Ngf6 11. Be2 e5 12. axb5 axb5 13. Rxa8 Qxa8 14. O-O
O-O 15. dxe5 dxe5 16. Rd1 Re8 17. Qe1 {1/2:1/2,Van der Wiel,J-Azmayparashvili,
Z,Amsterdam OHRA 1990-CBM 20}) (5. Qd2 b5 6. O-O-O (6. a4 b4 7. Nd1 a5 8. f3
Nd7 9. c3 bxc3 10. bxc3 e5 11. Bd3 exd4 $2 (11... Ngf6 $10 {/\d5}) 12. cxd4 Nc5
13. Bc2 Ne7 14. Rb1 Nd7 {Lau,R-Backwinkel,P,FRG-ch 1989-CBM 15} 15. Ne2 $16)
6... Bb7 7. f3 Nd7 8. h4 h5 9. Nh3 c5 $5 10. dxc5 dxc5 11. Ng5 Nh6 12. g3 e6
13. Bh3 Qe7 14. Bf4 Ne5 15. Bxe5 Bxe5 16. f4 Bc7 17. Rhe1 Ba5 $132 {Izeta,
F-Ermenkov,E,Palma GMA-op 1989-TD89-13}) 5... b5 $5 (5... Nd7 6. h3 (6. Bc4 $5
{/\} b5 $4 7. Bxf7+ $1 Kxf7 8. Ng5+ $18) 6... b5 7. a4 $5 b4 8. Na2 c5 9. c3
bxc3 10. Nxc3 cxd4 11. Bxd4 Ngf6 12. Bc4 O-O 13. O-O Qc7 14. Qe2 Bb7 15. Rfc1
Bh6 16. Rc2 Rfc8 17. Nd5 Nxd5 18. exd5 Nf6 19. Re1 $1 $36 {Shabanov,Y-Alber,H,
Yaroslavl 1990}) 6. Bd3 Nd7 7. Ne2 $6 (7. a4 $142 b4 8. Na2 c5 9. c3 bxc3 10.
Nxc3 $14) 7... c5 8. c3 Ngf6 $10 9. O-O Bb7 10. Ng3 O-O 11. Re1 Qc7 (11... e5
12. a4 Qb6 $10) 12. h3 (12. a4 $142 $5) 12... e5 13. Qd2 (13. dxc5 dxc5 14. Qe2
c4 15. Bc2 Nc5 $15) (13. d5 $5 c4 14. Bc2 Nc5 15. Nh2 Bc8 $132 {-C9}) 13... d5
$1 14. Bh6 (14. exd5 Nxd5 15. Bh6 (15. dxe5 Nxe5 16. Nxe5 Bxe5 $15 {/\} 17.
Bxc5 $2 Bxg3 18. Bxf8 Bf4) 15... exd4 16. Bxg7 Kxg7 17. cxd4 c4 18. Be4 N7f6
$15) (14. dxe5 $2 Nxe4 $17) 14... dxe4 (14... exd4 15. cxd4 c4 $6 16. e5 $1 $14
) 15. Bxe4 $5 (15. Nxe4 exd4 16. cxd4 c4 $15) (15. Bxg7 Kxg7 {-15.Be4}) 15...
Nxe4 16. Nxe4 exd4 (16... Bxe4 17. Rxe4 f5 $6 18. Rh4 $40) 17. Bxg7 Kxg7 18.
cxd4 Rad8 (18... c4 19. d5 $36) 19. dxc5 (19. Rac1 $5 Bxe4 20. Rxe4 c4 $132 (
20... Nf6 21. Rh4 $36)) 19... Bxe4 $8 20. Rxe4 Nxc5 21. Qc3+ (21. Rd4 Ne6 22.
Rxd8 Rxd8 $15) 21... Kg8 22. Rc1 (22. Rd4 $5 $10) 22... Qb7 $8 23. Rh4 {צh4} (
23. Re3 $142 Na4 (23... Rc8 24. Qe1 $10) 24. Qb4 {/\b3=} (24. Qc6 $6 Rd1+ $1
25. Kh2 Qb8+ 26. g3 Nxb2 $15)) 23... Ne4 {[+]} 24. Qe3 Rfe8 $36 25. Qf4 (25.
Qh6 f6 $17) 25... Qb6 26. Rc7 (26. Ng5 Nxg5 27. Qxg5 Re2 28. Rf1 Rxf2 $1 $19)
26... Rd1+ (26... Qxf2+ $2 27. Kh2 Nd6 28. Qh6 $18) 27. Kh2 Nd6 28. Rd7 (28.
Rc2 $5 Nf5 $15) (28. Rc1 Rxc1 29. Qxc1 Nf5 $17 {/\Qf2}) 28... Qc6 29. Ng5 $2 (
29. Ra7 $8 Nf5 30. Rg4 Qc1 $5 (30... Qb6 31. Rc7 Qxf2 $2 32. Qxf5 $18) 31. Qxc1
Rxc1 32. Rxa6 Re2 $15) 29... Qxd7 30. Nxh7 Ne4 $19 31. Qh6 Qd6+ 32. f4 (32. g3
Nxg3 33. fxg3 Re2#) 32... Qd4 {[Stohl]} 0-1

[Event "Kurgan"]
[Site "Kurgan"]
[Date "1994.??.??"]
[Round "1"]
[White "Galdunts, Sergey"]
[Black "Tseshkovsky, Vitaly"]
[Result "0-1"]
[WhiteElo "2420"]
[BlackElo "2515"]
[Annotator "Stohl,I"]
[PlyCount "69"]
[EventDate "1994.??.??"]
[EventType "tourn"]
[EventRounds "11"]
[EventCountry "RUS"]
[EventCategory "8"]
[SourceTitle "CBM 043"]
[Source "ChessBase"]
[SourceDate "1994.12.01"]
[SourceVersion "1"]
[SourceVersionDate "1994.12.01"]
[SourceQuality "1"]

1. e4 g6 2. d4 Bg7 3. Nc3 c6 4. Be3 d6 5. g3 $6 (5. Qd2 $142 b5 6. f3 Nd7 7. g4
Nb6 8. h4 h5 9. gxh5 Rxh5 10. Bd3 b4 11. Nce2 c5 12. Ng3 Rh8 13. h5 Be6 14. c3
bxc3 15. bxc3 Nc4 16. Bxc4 Bxc4 17. hxg6 fxg6 18. Rxh8 Bxh8 19. Qh2 Qa5 20. Bd2
Bf6 21. N1e2 Rb8 $132 {Ye Jiangchuan-Tkachiev,V/Jakarta/1994/}) 5... b5 $5 $146
(5... Nf6 6. h3 Nbd7 (6... O-O 7. Bg2 Nbd7 8. a4 Nb6 9. b3 d5 $6 10. a5 Nbd7
11. e5 Ne8 12. f4 Nc7 13. Nf3 b6 14. axb6 axb6 15. Rxa8 Nxa8 16. O-O Nc7 17. g4
Ba6 18. Rf2 f5 19. gxf5 Rxf5 20. h4 Nf8 21. Bh3 $36 {Sveshnikov,E-Romanishin,O/
URS-ch/1978/}) 7. Bg2 e5 8. Nge2 b5 9. O-O O-O 10. dxe5 Nxe5 11. b3 Qe7 12. a3
a5 13. Qc1 Re8 14. Rd1 Ba6 15. Nd4 b4 16. axb4 axb4 17. f4 bxc3 18. fxe5 dxe5
19. Nxc6 Qb7 $13 {Sveshnikov,E-Tukmakov,V/URS-ch/1973/}) 6. Bg2 Nf6 7. h3 (7.
e5 $6 Ng4 8. exd6 Nxe3 9. fxe3 Qxd6 $15 {/\} 10. Nxb5 Qb4+) 7... b4 (7... Bb7
$6 8. e5 $1 $36) 8. Nce2 (8. Nb1 O-O 9. Ne2 a5 $10) 8... O-O 9. Qd2 a5 10. Bh6
$6 (10. a3 Na6 {/\c5<=>} 11. axb4 axb4 12. Nc1 $5 $10) 10... Nbd7 11. Bxg7 Kxg7
12. g4 (12. e5 $6 dxe5 13. Bxc6 Ra6 {@}) (12. Nc1 Bb7 $15 {/\c5,e5}) 12... Nb6
13. g5 $6 (13. Ng3 Nc4 14. Qc1 e5 $15) 13... Ne8 (13... Nh5 $6 14. Bf3 $14) 14.
b3 (14. O-O-O Nc4 15. Qf4 a4 $40) 14... Nc7 15. h4 e5 $1 {|^[+]} 16. f4 (16. h5
Ne6 17. Nf3 Ba6 $17) 16... c5 17. f5 (17. dxe5 dxe5 18. Qxd8 Rxd8 19. f5 $5 Nb5
$1 $15 {/\Nd4,Na3}) (17. fxe5 dxe5 18. dxc5 Qxd2+ 19. Kxd2 Nd7 20. c6 Nb8 $15)
17... Nb5 $5 (17... cxd4 18. Nxd4 $1 $13) 18. d5 (18. f6+ Kg8 19. dxc5 dxc5 $15
) 18... a4 19. Nf3 (19. f6+ Kg8 20. h5 axb3 21. cxb3 Nd4 22. hxg6 fxg6 $36)
19... gxf5 $1 (19... axb3 20. cxb3 f6 $5 21. Ng3 $132) 20. exf5 e4 (20... Bxf5
21. Ng3 $44) 21. Nh2 e3 $1 22. Qd3 (22. Qxe3 Bxf5 $40) 22... Ba6 23. f6+ Kh8
$17 24. Qf5 $8 {/\Be4+-} Qc8 25. Qxc8 (25. Qf4 Nd4 $40) 25... Rfxc8 26. Ng4 Nd4
27. Nxd4 cxd4 28. Nh6 (28. Be4 $142 axb3 (28... Re8 $5 29. Bf3 (29. Bd3 Bxd3
30. cxd3 axb3 $19) 29... axb3 30. axb3 Bb5 $17) 29. axb3 Bb5 $40) 28... Rxc2 $1
(28... Ra7 29. Be4 $132) 29. Nxf7+ Kg8 30. Nh6+ Kf8 31. Be4 Re2+ (31... d3 $1
32. Nf5 (32. Bxh7 d2+ 33. Kd1 Rb2 34. Rh2 Nxd5 $19) 32... Rb2 $1 33. Nd4 (33.
Nxe3 Re2+ $19) 33... axb3 34. axb3 d2+ 35. Kd1 e2+ $1 36. Nxe2 Bxe2+ 37. Kxe2
d1=Q+ $1 $19) 32. Kd1 Rd2+ 33. Ke1 Bd3 $6 (33... d3 $142 $19) 34. Bxd3 Rxd3 35.
h5 $138 (35. h5 Nxd5 (35... axb3 $2 36. g6 $18) 36. Ke2 $5 (36. g6 hxg6 37.
hxg6 Nxf6 38. Nf5 Kg8 $19 (38... axb3 $5 39. Rh8+ Ng8 40. Rh7 Rxa2 41. Rf7+ Ke8
42. Nxd6+ Kd8 43. Nb7+ Kc8 44. Nd6+ Kb8 45. Rc1 Rc3 $1 $19)) 36... Rd2+ 37. Kf3
Nc3 38. Ng4 (38. g6 $2 hxg6 39. hxg6 Rf2+) 38... Ra5 $1 39. g6 hxg6 40. hxg6
Rf5+ 41. Kg3 Ne4+ 42. Kh4 Nxf6 43. Rhf1 Rxf1 44. Rxf1 e2 $1 45. Rxf6+ Ke7 46.
Rf7+ Ke6 $19) 0-1

[Event "FRA-ch"]
[Site "Montpellier"]
[Date "1991.??.??"]
[Round "?"]
[White "Renet, Olivier"]
[Black "Seret, Jean Luc"]
[Result "1-0"]
[WhiteElo "2485"]
[BlackElo "2425"]
[Annotator "Stohl,I"]
[PlyCount "47"]
[EventDate "1991.08.??"]
[EventType "tourn"]
[EventRounds "15"]
[EventCountry "FRA"]
[EventCategory "8"]
[SourceTitle "CBM 027"]
[Source "ChessBase"]
[SourceDate "1992.04.01"]
[SourceVersion "1"]
[SourceVersionDate "1992.04.01"]
[SourceQuality "1"]

1. e4 g6 2. d4 d6 3. Nc3 Bg7 4. f4 a6 5. Nf3 (5. Be2 b5 6. Bf3 Bb7 7. a3 Nd7 8.
Nh3 c5 9. d5 Qa5 10. Bd2 Qc7 11. O-O Nb6 12. Nf2 Nf6 13. b3 O-O 14. a4 b4 15.
a5 Nc8 16. Ne2 Na7 17. c4 bxc3 18. Nxc3 Rab8 $13 {Lanka,Z-Seret,JL,Torcy op
1991,TD 91_02}) (5. a4 Nf6 6. Nf3 O-O 7. Bd3 Nc6 8. e5 dxe5 9. fxe5 Nh5 (9...
Nd7 $5 $132) 10. Be3 Bg4 11. Ne2 Nb4 12. O-O c5 13. Be4 {Kouatly,B-Seret,JL,
FRA-ch 1991-CBM 27} Nd5 $13) 5... b5 6. Bd3 Nd7 (6... Bb7 7. O-O Nd7 8. e5 c5
$5 (8... e6 9. Be3 Ne7 10. Bf2 Qb8 11. a4 bxa4 12. Rxa4 O-O 13. Nd2 Nb6 14. Ra3
Nbd5 15. Nxd5 Nxd5 16. Qg4 f5 17. exf6 Rxf6 18. Ne4 $1 $36 {Jansa,V-Bern,I,
Gausdal Troll 1991-TD 91_06}) (8... Nh6 $6 {-6...Nd7}) 9. Be4 $1 (9. Ng5 Qb6 $1
10. Qe2 Nh6 11. e6 Bxd4+ 12. Kh1 Nf6 13. exf7+ Nxf7 14. f5 Ne5 $15 {Zelcic,
R-Sznapik,A,Biel op 1991-EXP 24}) 9... Bxe4 10. Nxe4 cxd4 11. exd6 (11. e6 fxe6
12. Neg5 Nf8 13. Nxd4 Bxd4+ 14. Qxd4 Nf6 15. Re1 Qc8 16. a4 $146 {Timman,
J-Kagan,M,Rio de Janeiro izt 1979}) 11... Qb6 12. f5 gxf5 13. Ng3 e6 {Bareeev,
E-Pekarek,A,Dortmund op 1990} 14. Qe1 Kf8 $5 $13 (14... O-O-O $6 15. a4 b4 16.
a5 Qxd6 17. Ra4 $40 {Bareev})) 7. e5 (7. O-O c5 $5 (7... Bb7 {-6...Bb7}) 8.
dxc5 Nxc5 9. Be3 b4 10. Ne2 Bxb2 11. Rb1 Bg7 12. Rxb4 Nf6 13. Bxc5 dxc5 14. Rb1
Ng4 15. Qc1 Be6 16. h3 c4 $15 {Salai,L-Petran,P,Brno ch-CS 1990}) (7. Ne2 $5 c5
8. c3 {[+]}) 7... Bb7 (7... e6 8. a4 (8. O-O Bb7 9. Be3 $14 {()}) 8... b4 9.
Ne4 d5 10. Ned2 c5 11. c4 Ne7 12. cxd5 Nxd5 13. Nc4 O-O 14. O-O cxd4 15. Be4 a5
16. Qxd4 Ba6 17. Rd1 Bxc4 18. Qxc4 Rc8 $132 {Renet,O-Petran,P,Groningen op 1991
}) 8. O-O Nh6 $6 (8... c5 $142 $1) 9. a4 $1 b4 10. Ne4 O-O (10... d5 11. Neg5
e6 12. a5 $16) 11. Qe1 {/\Qb4,e6} c5 12. dxc5 dxc5 13. a5 $16 {/\e6} (13. e6
Qb6 $5 14. exd7 c4+ 15. Be3 Qc7 $14) 13... Bd5 14. Qe2 Qc7 (14... Nf5 15. Rd1
Qc7 16. Bc4 $16) 15. Bc4 e6 16. Rd1 Qc6 (16... Bxc4 17. Qxc4 Nf5 18. Nd6 $16 {
<->d,><a6,c5}) 17. Nd6 f6 $2 (17... Nf5 18. Bxd5 exd5 19. Nxf5 gxf5 20. Qd3 $18
) (17... Bxc4 18. Qxc4 $16) 18. Rxd5 $1 exd5 19. Qe4 $1 Kh8 (19... f5 20. Bxd5+
Kh8 21. Bxc6 fxe4 22. Bxa8 $18) 20. Bxd5 Qc7 21. Bxa8 fxe5 22. fxe5 Nxe5 23.
Nxe5 Qxd6 24. Bxh6 (24. Bxh6 Bxh6 25. Bd5 $18) 1-0

[Event "RUS-ch Army"]
[Site "Russia"]
[Date "1995.??.??"]
[Round "?"]
[White "Ivanov, Timur"]
[Black "Cherniaev, Alexander"]
[Result "1/2-1/2"]
[WhiteElo "2425"]
[BlackElo "2450"]
[Annotator "Stohl,I"]
[PlyCount "90"]
[EventDate "1995.??.??"]
[EventType "tourn"]
[EventRounds "11"]
[EventCountry "RUS"]
[EventCategory "10"]
[SourceTitle "CBM 048"]
[Source "ChessBase"]
[SourceDate "1995.10.01"]
[SourceVersion "1"]
[SourceVersionDate "1995.10.01"]
[SourceQuality "1"]

1. e4 g6 2. d4 Bg7 3. Nc3 d6 4. Be3 Nd7 (4... Nf6 5. h3 O-O 6. f4 $1 {()|^>>})
5. Qd2 a6 6. h4 $5 (6. f3 h6 7. Nh3 e6 8. Be2 Ne7 9. g4 b5 10. Nf2 c5 11. Ncd1
Qc7 12. c3 h5 13. h4 hxg4 14. fxg4 Bb7 15. Bd3 e5 16. d5 c4 17. Bc2 f5 18. gxf5
gxf5 19. Bg5 Bf6 20. Bxf6 Nxf6 21. Ne3 f4 22. Neg4 Nxg4 23. Nxg4 $13 {Bakhrakh,
V-Chepukaitis,G/St.Petersburg op/1995/}) (6. f4 $5 e6 7. Nf3 Ne7 8. Bd3 b5 9.
a4 b4 10. Ne2 c5 11. O-O Bb7 12. f5 cxd4 13. Nexd4 e5 14. fxg6 hxg6 15. Nb3 d5
16. Ng5 O-O 17. Qf2 Bf6 18. Qh4 Bxg5 19. Bxg5 f6 20. Bh6 (20. Bxf6 $2 Qb6+)
20... Rf7 21. Rad1 Qb6+ 22. Kh1 $40 {[%csl Rf6,Rf7,Rg6,Rg7,Rh7] ׻,Obodchuk,
A-Gorbatow,A/Moscow1/1995/}) (6. a4 c5 (6... Ngf6 $142 $132) 7. d5 Qa5 8. Ra3
Ngf6 9. f3 O-O 10. Nh3 Ne5 11. Nf2 e6 12. dxe6 Bxe6 13. Qxd6 Ned7 14. Be2 Rfd8
15. O-O Rac8 16. Qg3 Nh5 17. Qh4 Bd4 18. Bg5 f6 19. Bc1 Ng7 20. f4 Nb8 21. Ncd1
c4 22. c3 $16 {Sion Castro,M-Bermejo Collado,J/ESP-chT/1993/}) 6... h5 (6...
Ngf6 $142 7. Bh6 Bxh6 8. Qxh6 b5 9. f3 c5 $132) 7. f3 (7. Nf3 Ngf6 {/\Ng4} (
7... b5 8. Ng5 $14)) (7. Nh3 b5 (7... Ndf6 8. f3 Bxh3 9. Rxh3 e6 10. Rh1 Ne7
11. Rg1 d5 12. Be2 b5 13. a3 c6 14. O-O-O a5 15. e5 Nd7 16. g4 Nb6 17. Bg5 Qb8
18. b3 b4 19. axb4 axb4 20. Nb1 Nd7 21. gxh5 Rxh5 22. f4 Rxg5 23. hxg5 c5 24.
Rh1 $14 {Ernst,T-Wessman,R/Gausdal Arnold-Cup/1990/}) 8. Ng5 Bb7 9. a4 c6 10.
Be2 Ngf6 11. O-O $6 (11. f3 $142 $13) 11... Ng4 12. Nd1 Nxe3 13. Nxe3 Qb6 14.
c3 O-O 15. a5 Qa7 16. g4 c5 17. d5 hxg4 18. Bxg4 Nf6 19. Bd1 c4 $17 {Araslanov,
F-Chernin,A/Cappelle la Grande/1994/}) (7. a4 Ngf6 8. f3 O-O 9. Nh3 c5 10. dxc5
Nxc5 11. e5 Nfd7 12. exd6 exd6 13. Nf4 Ne5 14. O-O-O Bf5 15. Kb1 Qe8 16. Qxd6
Nxa4 17. Nfd5 Nxc3+ 18. Nxc3 Nc6 19. Bb6 Be5 20. Qa3 Qe6 21. Bd3 Bxd3 $10 {
1/2-1/2,Winsnes,R-Bern,I/Gausdal Peer-Gynt/1990/}) 7... b5 8. O-O-O Bb7 9. Nh3
Rc8 $146 (9... c6 10. Ne2 Ngf6 11. Ng5 Nh7 12. Nxh7 Rxh7 13. Nf4 Qc7 14. Kb1
Nb6 15. Nh3 Rh8 16. Ng5 Rf8 17. g4 hxg4 18. fxg4 O-O-O 19. h5 gxh5 {Aldama,
D-Nogueiras,J/CUB-ch Colon/1993/} 20. gxh5 $14 {[%csl Gh5] o^h5}) 10. Kb1 Ngf6
11. Nf2 (11. Ng5 $5 $14 {/\} c5 $6 12. e5 $1 dxe5 13. dxe5 Nxe5 14. Qxd8+ Rxd8
15. Rxd8+ Kxd8 16. f4 $18) 11... c5 12. dxc5 dxc5 $1 $8 (12... Nxc5 $6 13. e5
$16 {[%csl Re8] ->עe8}) 13. e5 (13. Be2 Qc7 $15 {[%csl Gb5,Gc5] |^<<}) 13...
Nxe5 14. Qxd8+ Rxd8 15. Rxd8+ Kxd8 16. Bxc5 Ned7 17. Bb4 (17. Bd4 Ne8 $10)
17... Nb8 $1 (17... e6 18. a4 $1 $36 {[%csl Ra6,Rb5] ><b5,a6}) 18. Bd3 (18. a4
$6 Nc6 $15) 18... Nc6 19. Bc5 Nd7 20. Be3 Bd4 $6 (20... Nce5 $142 21. Be4 Bxe4
22. Nfxe4 Nc4 $10) (20... Bxc3 $5 21. bxc3 Nce5 22. Bd4 Re8 $13) 21. Bxd4 Nxd4
22. Rd1 {[%cal Rd3g6] /\Bg6!} Nc6 23. Nce4 Ke8 (23... Kc7 $5 24. Ng5 Nce5 25.
Be4 $14) 24. c4 $1 $14 b4 (24... bxc4 $6 25. Bxc4 {[%csl Ra6][%cal Rf2d3,Rd3c5]
><a6,/\Nd3-c5}) 25. Bc2 {[%cal Yf2d3] /\Nd3} Nce5 $8 26. Ba4 Bc6 27. Bxc6 Nxc6
28. Nd3 e6 29. Ndc5 Ndb8 $1 (29... Nxc5 30. Nxc5 a5 31. Rd6 $16) 30. Rd6 (30.
Nd6+ $142 Ke7 31. Ndb7 $5 Rc8 32. Kc2 Rc7 33. Kb3 $14 {[%csl Gc4,Ra6,Rb4][%cal
Ya2a3] ><a6,b4,o^c4,/\a3}) 30... Ke7 31. b3 $6 (31. Kc2 $142) 31... Rd8 32.
Rxd8 Nxd8 33. Kc2 a5 $10 34. Kb2 Nbc6 35. a3 e5 $1 (35... bxa3+ $2 36. Kxa3 $16
{[%csl Ra5][%cal Ra3a4,Ra4b5] /\Ka4-b5,><a5}) 36. axb4 axb4 37. Kc2 Nd4+ 38.
Kd3 N8c6 {[%csl Rb3] ><b3} 39. Kd2 Na5 (39... f5 40. Nf2 Kd6 41. Nb7+ (41. Nfd3
Na5 $15) 41... Kc7 42. Nc5 Kb6 43. Na4+ $10) 40. Na6 Ndxb3+ (40... Nac6 41.
Nac5 f5 42. Nf2 {-39...f5}) 41. Kd3 f5 (41... Nc6 42. Nxb4 $10) 42. Nf2 Nc6 43.
Nxb4 $1 $10 Nc5+ (43... Nxb4+ 44. Kc3 $10) 44. Kc3 Na4+ 45. Kb3 Nc5+ (45...
Nc5+ 46. Kc3 $10 (46. Ka3 Na5 47. Nd5+ Kd6 48. Kb4 Nc6+ $10)) 1/2-1/2

[Event "Moscow Petrosian Memorial"]
[Site "Moscow"]
[Date "1995.??.??"]
[Round "8"]
[White "Moskalenko, Viktor"]
[Black "Gorbatov, Alexej"]
[Result "1-0"]
[WhiteElo "2525"]
[BlackElo "2410"]
[Annotator "Stohl,I"]
[PlyCount "95"]
[EventDate "1995.??.??"]
[EventType "tourn"]
[EventRounds "11"]
[EventCountry "RUS"]
[EventCategory "10"]
[SourceTitle "CBM 046"]
[Source "ChessBase"]
[SourceDate "1995.06.01"]
[SourceVersion "1"]
[SourceVersionDate "1995.06.01"]
[SourceQuality "1"]

1. d4 d6 2. e4 g6 3. g3 c6 (3... b6 $6 4. Bg2 Bb7 5. c4 Bg7 6. Nc3 e6 7. Nge2
Ne7 8. Be3 Nd7 9. O-O O-O 10. Qd2 Re8 11. Bh6 Bh8 12. Rad1 a6 13. b3 Rb8 14. h3
Nf6 15. Bg5 Qc8 16. d5 $16 {(),Suetin,A-Schekachev,A/Moscow4/1992/}) 4. Bg2 Bg7
5. Ne2 Nf6 6. a4 $5 (6. O-O O-O 7. Nbc3 {-B07}) 6... O-O 7. O-O Nbd7 (7... a5
$142 8. Nbc3 e5 9. h3 Na6 10. b3 Nb4 11. Bb2 d5 12. exd5 exd4 13. Nxd4 Nbxd5
14. Nxd5 Nxd5 15. Qf3 Qf6 16. Qxf6 Bxf6 17. Rad1 Re8 18. Ba1 Nb4 $2 19. Nxc6
$16 {Kotronias,V-Popchev,M/Sochi-A/1989/}) 8. a5 {()} Qc7 (8... e5 9. h3 exd4
10. Nxd4 Re8 11. Nc3 $14) 9. c4 $5 Rb8 $6 (9... e5 10. d5 $14) 10. Nbc3 b6 11.
axb6 axb6 12. b4 $1 Bb7 13. Bb2 e5 14. Rc1 $16 {()[+]<<} exd4 (14... Rfe8 15.
d5 $16 (15. Qd2 $16)) (14... c5 15. Nb5 Qd8 16. d5 $16) 15. Nxd4 Rbd8 16. b5 c5
(16... cxb5 17. Ndxb5 Qxc4 18. Nxd6 Qc7 19. Nxb7 Qxb7 20. e5 $18) 17. Nc6 $1
Bxc6 (17... Rde8 18. Qd2 $1 Ne5 (18... Bxc6 19. bxc6 Ne5 20. Nd5 Qxc6 21. Nxf6+
Bxf6 22. f4 $16) 19. Nd5 Nxd5 20. cxd5 $16) 18. bxc6 Ne5 19. Nd5 Nxd5 $8 (19...
Qxc6 $4 20. Ne7+) 20. exd5 $16 {o^c6} (20. cxd5 $6 b5 $132) 20... Nf3+ 21. Bxf3
Bxb2 22. Rb1 Bd4 23. Qb3 Rb8 24. Rfe1 h5 $6 {׻} (24... Kg7 $142 $16) 25. Re4
Be5 26. Qd3 Bf6 27. Qb3 Kg7 28. Re2 Qc8 29. Rbe1 Qa6 $6 {/\b5<=>} (29... Qc7
$142 30. Rb1 $16 {/\Ra2-a6}) 30. Ra2 $1 Qc8 31. Ra7 {^-} Qf5 32. Be4 Qg4 33.
Kg2 (33. c7 $2 Rbc8 34. Qxb6 Bc3 35. Re3 Bd4 $132) 33... h4 34. h3 Qg5 35. Qe3
$1 Qe5 (35... Qxe3 36. Rxe3 {/\Rb3,c7+-}) 36. Bf3 Qb2 37. Re2 Qb1 38. Bg4 $18
Bd4 39. Qe4 Qc1 40. gxh4 (40. c7 $18 Rbc8 $8 41. Bxc8 Rxc8 42. Qg4 $18) 40...
Qxc4 41. h5 $40 {/\Qg6} gxh5 42. Bxh5 Qc1 43. Rxf7+ $1 Rxf7 44. Qg6+ Kh8 45.
Qxf7 Qg5+ 46. Bg4 Be5 47. c7 Ra8 48. Qd7 1-0